Revista semana : (Registro nro. 7361)

000 -CABECERA
campo de control de longitud fija 01132nas a2200241 a 4500
001 - NÚMERO DE CONTROL
campo de control 000059852
005 - FECHA Y HORA DE LA ÚLTIMA TRANSACCIÓN
campo de control 20200120223857.0
008 - DATOS DE LONGITUD FIJA--INFORMACIÓN GENERAL
campo de control de longitud fija 111117c2013 ck wr1p 0 0spa d
015 ## - NÚMERO DE BIBLIOGRAFÍA NACIONAL
Número de bibliografía nacional S
-- S
-- S
245 10 - MENCIÓN DE TÍTULO
Título Revista semana :
Resto del título Bicentenario Cundinamarca 1813-2013 /
Mención de responsabilidad, etc. director Alejandro Santos ; editor general José Fernando Hoyos E. ; investigación Fabio Andrés Prieto ; ilustraciones Emerson Baraona, Javier de la Torre ; fotografía Juan Carlos Sierra ... [et al.].
260 ## - PUBLICACIÓN, DISTRIBUCIÓN, ETC.
Lugar de publicación, distribución, etc. Bogotá :
Nombre del editor, distribuidor, etc. Publicaciones Semana ;
Lugar de publicación, distribución, etc. Cundinamarca,
Fecha de publicación, distribución, etc. 2013.
300 ## - DESCRIPCIÓN FÍSICA
Extensión 130p. :
Otras características físicas il. col., fots.
310 ## - PERIODICIDAD ACTUAL
Periodicidad actual Semanal.
651 #4 - PUNTO DE ACCESO ADICIONAL DE MATERIA--NOMBRE GEOGRÁFICO
Nombre geográfico Nariño, el triunfo de las ideas
Subdivisión general Historia
-- Cronología
Subdivisión de forma Publicaciones seriadas.
651 #4 - PUNTO DE ACCESO ADICIONAL DE MATERIA--NOMBRE GEOGRÁFICO
Nombre geográfico Cundinamarca Bastión de la independencia
Subdivisión general Colonias
Subdivisión de forma Publicaciones seriadas.
651 #4 - PUNTO DE ACCESO ADICIONAL DE MATERIA--NOMBRE GEOGRÁFICO
Nombre geográfico Defensa de Nariño ante el Senado
Subdivisión general Descripción
Subdivisión de forma Publicaciones seriadas.
700 1# - PUNTO DE ACCESO ADICIONAL--NOMBRE DE PERSONA
Nombre de persona Santos, Alejandro,
Término indicativo de función/relación dir.
700 1# - PUNTO DE ACCESO ADICIONAL--NOMBRE DE PERSONA
Nombre de persona Hoyos E., José Fernando,
Término indicativo de función/relación ed.
700 1# - PUNTO DE ACCESO ADICIONAL--NOMBRE DE PERSONA
Nombre de persona Prieto, Fabio Andrés,
Término indicativo de función/relación inv.
700 1# - PUNTO DE ACCESO ADICIONAL--NOMBRE DE PERSONA
Nombre de persona Baraona, Emerson,
Término indicativo de función/relación il.
700 1# - PUNTO DE ACCESO ADICIONAL--NOMBRE DE PERSONA
Nombre de persona Torre, Javier de la,
Término indicativo de función/relación il.
700 1# - PUNTO DE ACCESO ADICIONAL--NOMBRE DE PERSONA
Nombre de persona Sierra, Juan Carlos,
Término indicativo de función/relación fot.

No hay ítems disponibles.


© Todos los derechos reservados para la Biblioteca Pública Municipal San Juan Bosco, 2020
Secretaria de Cultura de Mosquera
Carrera 3 N° 10 Esquina Centro Cultural Barrio El Carmén Teléfono: 8270830 Ext: 34
Funcionando con KOHA
Contacto: Biblioteca Pública Municipal San Juan Bosco/ bibliotecasanjuanbosco@mosquera-cundinamarca.gov.co
Mosquera, Cundinamarca